000 00637nam a2200181Ia 4500
003 GCL
008 140319s9999 xx 000 0 ara d
040 _aGCL /
_cGCL
082 0 4 _a910.163
_bم ج
100 1 _aمحمد محمود ابراهيم الديب
245 1 0 _aجغرافية الزراعة : تحليل فى التنظيم المكانى /
_cمحمد محمود ابراهيم الديب
250 _aالثانية
260 _aالقاهرة :
_bمكتبة الانجلوالمصرية
300 _a761 ص ؛
_c24سم
650 0 4 _aالزراعة
650 0 4 _aالجغرافيا الزراعية
942 _2ddc
_cBK
999 _c39535
_d39535